[Event "FICGS W-ch st1 g07 email"]
[Site "FICGS email"]
[Date "2007.07.11"]
[Round "1"]
[White "Vidanovic, Djordje"]
[Black "Sharland, Michael"]
[Result "1/2-1/2"]
[WhiteElo "1994"]
[BlackElo "1835"]
[PlyCount "54"]
[EventDate "2007.??.??"]
[EventType "tourn (corr)"]
[EventRounds "8"]
[SourceTitle "Corr 2022"]
[Source "ChessBase"]
[SourceDate "2021.10.24"]
[SourceVersion "1"]
[SourceVersionDate "2021.10.24"]
[SourceQuality "1"]

1. d4 Nf6 2. c4 e6 3. Nf3 d5 4. g3 dxc4 5. Bg2 a6 6. Ne5 c5 7. Be3 Nd5 8. Nc3 Nxe3 9. fxe3 Ra7 10. a4 cxd4 11. exd4 Qc7 12. a5 Bd6 13. Ne4 Bb4+ 14. Nd2 0-0 15. 0-0 c3 16. Rc1 Nd7 17. Nd3 Qxa5 18. Nxb4 Qxb4 19. bxc3 Qe7 20. Qb3 a5 21. Nc4 a4 22. Qb4 Qxb4 23. cxb4 b5 24. Nd6 Ba6 25. Rc6 g6 26. e4 Nb8 27. Rc5 Nd7 1/2-1/2

[Event "FICGS rapid A 000017 email"]
[Site "FICGS email"]
[Date "2007.04.11"]
[Round "1"]
[White "Repa, Jason"]
[Black "Vidanovic, Djordje"]
[Result "1/2-1/2"]
[WhiteElo "2029"]
[BlackElo "1908"]
[PlyCount "61"]
[EventDate "2007.??.??"]
[EventType "tourn (rapid)"]
[EventRounds "6"]
[SourceTitle "Corr 2022"]
[Source "ChessBase"]
[SourceDate "2021.10.24"]
[SourceVersion "1"]
[SourceVersionDate "2021.10.24"]
[SourceQuality "1"]

1. e4 c5 2. Nf3 d6 3. d4 cxd4 4. Nxd4 Nf6 5. Nc3 a6 6. Be3 e5 7. Nb3 Be6 8. f3 Be7 9. Qd2 h5 10. 0-0-0 Nbd7 11. Kb1 b5 12. f4 Qc7 13. Nd5 Bxd5 14. exd5 0-0 15. fxe5 Nxe5 16. Bd4 Rfd8 17. Be2 Rac8 18. c3 g6 19. h3 Qb7 20. g4 h4 21. Rhe1 Nxd5 22. Qh6 b4 23. c4 Bf8 24. Qxh4 Ne3 25. Bxe5 Qe4+ 26. Bd3 Qxe5 27. Rd2 Re8 28. Rde2 Qf4 29. Rf2 Qe5 30. Rfe2 Qf4 31. Rf2 1/2-1/2

[Event "FICGS rapid A 000016 email"]
[Site "FICGS email"]
[Date "2007.03.15"]
[Round "1"]
[White "Koch, Christian"]
[Black "Vidanovic, Djordje"]
[Result "1/2-1/2"]
[WhiteElo "2152"]
[BlackElo "1908"]
[PlyCount "41"]
[EventDate "2007.??.??"]
[EventType "tourn (rapid)"]
[EventRounds "6"]
[SourceTitle "Corr 2022"]
[Source "ChessBase"]
[SourceDate "2021.10.24"]
[SourceVersion "1"]
[SourceVersionDate "2021.10.24"]
[SourceQuality "1"]

1. e4 c5 2. d4 cxd4 3. c3 Nf6 4. e5 Nd5 5. Nf3 Nc6 6. cxd4 d6 7. Bc4 Nb6 8. Bb5 a6 9. Bxc6+ bxc6 10. Qc2 dxe5 11. dxe5 Qc7 12. 0-0 g6 13. Nc3 Bg7 14. Bf4 0-0 15. Rac1 Bf5 16. Qe2 Rfd8 17. Rfd1 Rxd1+ 18. Rxd1 Nd5 19. Nxd5 cxd5 20. b3 Be6 21. Ng5 1/2-1/2

[Event "FICGS W-ch st1 g04 email"]
[Site "FICGS email"]
[Date "2007.01.16"]
[Round "1"]
[White "Vidanovic, Djordje"]
[Black "Florea, Mihai"]
[Result "1/2-1/2"]
[WhiteElo "1908"]
[BlackElo "2260"]
[PlyCount "73"]
[EventDate "2007.??.??"]
[EventType "tourn (corr)"]
[EventRounds "8"]
[SourceTitle "Corr 2022"]
[Source "ChessBase"]
[SourceDate "2021.10.24"]
[SourceVersion "1"]
[SourceVersionDate "2021.10.24"]
[SourceQuality "1"]

1. e4 c5 2. Nf3 Nc6 3. a4 g6 4. d4 cxd4 5. Nxd4 Bg7 6. Nxc6 bxc6 7. Nc3 d6 8. Be2 Nf6 9. 0-0 0-0 10. Rb1 Qc7 11. Bg5 Rb8 12. b4 a5 13. b5 Be6 14. Qd2 Rfc8 15. Bd3 Ng4 16. bxc6 h6 17. Bf4 Qxc6 18. Nb5 Qc5 19. h3 Ne5 20. Bxh6 Bxh6 21. Qxh6 Ba2 22. Ra1 Bc4 23. Bxc4 Nxc4 24. Rfe1 Qe5 25. f4 Qc5+ 26. Kh1 Qh5 27. Qxh5 gxh5 28. g3 Nb6 29. Nd4 Nc4 30. e5 dxe5 31. fxe5 e6 32. Re4 Rb2 33. g4 Rc5 34. Nb3 Rc8 35. gxh5 Rxc2 36. Nd4 Rc3 37. Kh2 1/2-1/2

[Event "FICGS W-ch st1 g04 email"]
[Site "FICGS email"]
[Date "2007.01.16"]
[Round "1"]
[White "Vidanovic, Djordje"]
[Black "Nistri, Paolo"]
[Result "1-0"]
[WhiteElo "1908"]
[BlackElo "1306"]
[PlyCount "35"]
[EventDate "2007.??.??"]
[EventType "tourn (corr)"]
[EventRounds "8"]
[SourceTitle "Corr 2022"]
[Source "ChessBase"]
[SourceDate "2021.10.24"]
[SourceVersion "1"]
[SourceVersionDate "2021.10.24"]
[SourceQuality "1"]

1. e4 e5 2. b3 Nf6 3. Bb2 Nc6 4. Nc3 d5 5. exd5 Nxd5 6. Nf3 Bg4 7. h3 Bxf3 8. Qxf3 Nf6 9. Bb5 Qd7 10. 0-0-0 a6 11. Bxc6 Qxc6 12. Qxc6+ bxc6 13. Rhe1 Bd6 14. f4 e4 15. Nxe4 0-0 16. Nxf6+ gxf6 17. Bxf6 Bxf4 18. Re4 1-0